Pays de naissance par écrivains - Statistiques

Statistiques générales
  • Ce quiz a été pris 122 fois
    121 depuis la dernière actualisation
  • Le résultat moyen est 24 sur 51
Statistiques - réponses
Pays Auteurs % Correct
Espagne Miguel de Cervantes
87%
Royaume Uni Agatha Christie
81%
Russie Alexandre Pouchkine
81%
Algérie Albert Camus
78%
Chine Liu Xiaobo
78%
Danemark Hans Christian Andersen
78%
Belgique Georges Simenon
77%
Grèce Aristophane
75%
Japon Yukio Mishima
75%
Italie Dino Buzzati
73%
Irlande Oscar Wilde
71%
Suède Selma Lagerlöf
71%
Chili Pablo Neruda
69%
Sénégal Léopold Sédar Senghor
69%
Brésil Paulo Coelho
68%
Etats Unis Stephen King
67%
Roumanie Eugène Ionesco
62%
Autriche Stefan Zweig
61%
Islande Arnaldur Indriðason
61%
Vietnam Dương Thu Hương
60%
Pologne Henryk Sienkiewicz
58%
Pays Bas Robert Van Gulik
57%
Colombie Gabriel García Márquez
56%
Tchéquie Franz Kafka
56%
France Anna Gavalda
49%
Maroc Tahar Ben Jelloun
49%
Canada Leonard Cohen
48%
Allemagne Thomas Mann
46%
Iran Marjane Satrapi
44%
Serbie Goran Petrović
43%
Finlande Arto Paasilinna
40%
Suisse Joël Dicker
40%
Liban Amin Maalouf
39%
Monaco Léo Ferré
38%
Pérou Mario Vargas Llosa
31%
Portugal José Saramago
30%
Burundi Gaël Faye
29%
Australie Colleen McCullough
28%
Egypte Naguib Mahfouz
27%
Hongrie Gyorgy Konrad
24%
Israël Amos Oz
22%
Inde Vikas Swarup
20%
Argentine Manuel Puig
19%
Côte d'Ivoire Ahmadou Kourouma
19%
Norvège Jostein Gaarder
19%
Afrique du Sud Nadine Gordimer
17%
Afghanistan Khaled Hosseini
13%
Guinée Camara Laye
13%
Nouvelle Zélande Janet Frame
13%
Cameroun Calixthe Beyala
10%
Panama Carlos Fuentes
6%
Aucun quiz correspondant
Distribution des résultats
% des personnes avec chaque résultat
Percentile par nombre de réponses
Votre historique - résultats
Vous n’avez pas pris ce quiz depuis la dernière actualisation